<?xml version='1.0' encoding='UTF-8'?>
  <record xmlns="http://www.loc.gov/MARC21/slim">
    <leader>00000nem a2200000 i 4500</leader>
    <controlfield tag="001">ocn980505144</controlfield>
    <controlfield tag="003">OCoLC</controlfield>
    <controlfield tag="005">20251107154131.9</controlfield>
    <controlfield tag="008">030903s1789    gw        a     0   fre d</controlfield>
    <datafield tag="040" ind1=" " ind2=" ">
      <subfield code="a">QGJ</subfield>
      <subfield code="b">dut</subfield>
      <subfield code="c">QGJ</subfield>
      <subfield code="d">OCLCL</subfield>
      <subfield code="d">OCLCQ</subfield>
    </datafield>
    <datafield tag="035" ind1=" " ind2=" ">
      <subfield code="a">(OCoLC)980505144</subfield>
    </datafield>
    <datafield tag="084" ind1=" " ind2=" ">
      <subfield code="a">74.20</subfield>
      <subfield code="2">bcl</subfield>
    </datafield>
    <datafield tag="100" ind1="1" ind2=" ">
      <subfield code="a">Schaikowsky, C. G. de.</subfield>
    </datafield>
    <datafield tag="245" ind1="1" ind2="0">
      <subfield code="a">Carte des environs d'Amsterdam :</subfield>
      <subfield code="b">représentant d'un coup d'oeil les avenues fortifiées avec les inondations autour de cette ville cèlebre, telles qu'elles étoient vers la fin de septembre 1787, et en même tems les quartiers des troupes prussiennes et leurs attaques au lendemain le 1er Octobre, sous les ordres de S.A.S. Le Duc Régnant De Brunswick, pour servis de mémoire à l'histoire de cette èpoque remarquable /</subfield>
      <subfield code="c">par C.G. de Schaikowsky ; gravée par G. Tischbein à Buckebourg.</subfield>
    </datafield>
    <datafield tag="246" ind1="1" ind2=" ">
      <subfield code="a">Korte beschryving van alle verschantsingen die tegen het einde der maand September 1787 in den omtrek der vermaarde stadt Amsterdam aangelegt zyn ...</subfield>
    </datafield>
    <datafield tag="255" ind1=" " ind2=" ">
      <subfield code="a">Schaal [ca. 1:25.000].</subfield>
    </datafield>
    <datafield tag="264" ind1=" " ind2="1">
      <subfield code="a">Buckebourg :</subfield>
      <subfield code="b">Tischbein,</subfield>
      <subfield code="c">[1789]</subfield>
    </datafield>
    <datafield tag="300" ind1=" " ind2=" ">
      <subfield code="a">1 krt. in 2 bl. :</subfield>
      <subfield code="b">kopergrav. ;</subfield>
      <subfield code="c">62 x 95 cm</subfield>
    </datafield>
    <datafield tag="336" ind1=" " ind2=" ">
      <subfield code="a">cartografische afbeelding</subfield>
      <subfield code="b">cri</subfield>
      <subfield code="2">rdacontent/dut</subfield>
    </datafield>
    <datafield tag="337" ind1=" " ind2=" ">
      <subfield code="a">zonder medium</subfield>
      <subfield code="b">n</subfield>
      <subfield code="2">rdamedia/dut</subfield>
    </datafield>
    <datafield tag="338" ind1=" " ind2=" ">
      <subfield code="a">vel</subfield>
      <subfield code="b">nb</subfield>
      <subfield code="2">rdacarrier/dut</subfield>
    </datafield>
    <datafield tag="500" ind1=" " ind2=" ">
      <subfield code="a">"dediee a Son Altesse Serenissime monseigneur Charles Guillaume Ferdinand Duc regnant de Brunswick &amp; Lunebourg".</subfield>
    </datafield>
    <datafield tag="500" ind1=" " ind2=" ">
      <subfield code="a">Met bijlage o.d.t.: Korte beschryving van alle verschantsingen die tegen het einde der maand September 1787 in den omtrek der vermaarde stadt Amsterdam aangelegt zyn en de attaques der Kon. Pr. trouppes op 1 den eersten October onder bevel van ... den Hartog van Bronswyck benevens de gemaakte inondatien volgens de hiervan gemaakte nauwkeurige kaart. - Bielefeld : by Frans Willem Honaeus, 1789.</subfield>
    </datafield>
    <datafield tag="500" ind1=" " ind2=" ">
      <subfield code="a">Met schaalstok (Demi Mile d'Allemagne).</subfield>
    </datafield>
    <datafield tag="650" ind1=" " ind2="7">
      <subfield code="a">Verdedigingswerken.</subfield>
      <subfield code="0">(NL-LeOCL)078939380.</subfield>
      <subfield code="2">gtt</subfield>
    </datafield>
    <datafield tag="651" ind1=" " ind2="7">
      <subfield code="a">Amsterdam (stad)</subfield>
      <subfield code="0">(NL-LeOCL)087008068.</subfield>
      <subfield code="2">gtt</subfield>
    </datafield>
    <datafield tag="655" ind1=" " ind2="7">
      <subfield code="a">Kaarten (vorm)</subfield>
      <subfield code="0">(NL-LeOCL)088143554.</subfield>
      <subfield code="2">gtt</subfield>
    </datafield>
    <datafield tag="700" ind1="1" ind2=" ">
      <subfield code="a">Tischbein, George,</subfield>
      <subfield code="d">1756-1848.</subfield>
    </datafield>
    <datafield tag="758" ind1=" " ind2=" ">
      <subfield code="a">Carte des environs d'Amsterdam (CartographicMaterial)</subfield>
      <subfield code="1">https://id.oclc.org/worldcat/entity/E39PD3TFTy3btgxQFwDCkTdmMK</subfield>
      <subfield code="4">https://id.oclc.org/worldcat/ontology/hasWork</subfield>
    </datafield>
    <datafield tag="856" ind1="4" ind2="1">
      <subfield code="u">http://objects.library.uu.nl/reader/resolver.php?obj=002035338&amp;type=2</subfield>
      <subfield code="x">Online</subfield>
      <subfield code="z">Full Text</subfield>
    </datafield>
    <datafield tag="936" ind1=" " ind2=" ">
      <subfield code="a">BATCHLOAD</subfield>
    </datafield>
  </record>